Responses for Show #2302 - Tuesday, September 13, 1994

Contestants

[<< previous game]

Lane Rensslaer, a policy analyst originally from New York City, New York

Karen Peters, a typesetter originally from Morristown, New Jersey

Matt Handel, a marketing analyst from Wayne, Pennsylvania (whose 3-day cash winnings total $63,401)

[next game >>]

Jeopardy! Round responses

THE CONSTITUTION
CELEBRITY JEOPARDY!
COUNTIES
FIRST AID
FISH
COLORFUL PHRASES
    $100 6
lame duck

Matt
    $100 9
Reggie Jackson

Karen
    $100 1
Massachusetts

Matt
    $100 10
poison

Karen
    $100 14
(Lane: What are dogfish?)

catfish

KarenLane
    $100 16
(Lane: What are rapids?)

whitewaters

MattLane
    $200 7
two-thirds

Matt
    $200 27
Richard Crenna

Triple Stumper
    $200 2
Ripley

Matt
    $200 11
tweezers

Lane
    $200 15
piranha

Karen
    $200 20
"Purple Rain"

Matt
    $300 8
Articles of Confederation

Karen
    $300 28
Leslie Nielsen

Karen
    $300 3
New York

Matt
    $300 17
splint

Matt
    $300 21
eggs

Matt
    $300 23
(Matt: What is a wall flower?)

shrinking violet

Matt
Triple Stumper
    $400 12
tranquility

Lane
    $400 29
Rod Stewart

Karen
    $400 4
Big Horn

Matt
    $400 18
salt

Matt
    $400 22
giant marlin

Karen
    $400 24
(Karen: What is a red pen?)

blue pencil

MattKaren
    $500 13
(Karen: What is 26?)
(Lane: What is 27?)
(Alex: [after break] Our researchers revealed that the Constitution currently has 26 amendments -- Prohibition was No. 27 & that was repealed, so Karen's response is correct.)

26

KarenLane
    $500 30
Kitty Carlisle

Matt
    $1,000 5
Florida

Matt
    $500 19
eye

Lane
    $500 26
darter

Lane
    $500 25
Orange Free State

Matt

Scores at the first commercial break (after clue 15):

Matt Karen Lane
$2,300 $1,300 $1,000

Scores at the end of the Jeopardy! Round:

Matt Karen Lane
$4,700 $2,000 $1,900

Double Jeopardy! Round responses

WORLD GEOGRAPHY
GREEK MYTHOLOGY
MORTAL MATTERS
FOOD
HISTORY
ENGLISH LITERATURE
    $200 1
Istanbul

Matt
    $200 6
centaurs

Karen
    $200 26
Henry VIII

Lane
    $200 11
kidney beans

Karen
    $200 16
Lisbon

Lane
    $200 21
George Orwell

Matt
    $400 2
Ontario

Lane
    $400 7
(Karen: Who was Aphrodite?)

Helen of Troy

MattKaren
    $400 27
James Dean

Matt
    $400 12
marshmallows

Lane
    $400 17
Notre Dame

Matt
    $400 22
Benjamin Disraeli

Karen
    $600 3
Nigeria

Karen
    $600 8
(Matt: Who were the Pleiades?)

the Hesperides

Matt
Triple Stumper
    $600 28
saw

Matt
    $600 13
(Matt: What are crayfish?)
(Lane: What are lobster?)

shrimp

MattLane
Triple Stumper
    $600 18
Gibraltar

Karen
    $600 23
Florence

Lane
    $800 4
Jutland

Lane
    $800 9
Hermes

Lane
    $1,000 29
(Matt: What is Long Island?)

Manhattan

Matt
    $1,500 14
schnitzel

Lane
    $800 19
the Manchus

Matt
    $800 24
Thomas Hardy

Matt
    $1000 5
Kenya

Matt
    $1000 10
Rhea

Karen
    $1000 30
serial killer

Lane
    $1000 15
Vidalia

Lane
    $1000 20
the Vincennes

Lane
    $1000 25
(Lane: Who is Robert Burns?)

Sir Walter Scott

Lane
Triple Stumper

Scores at the end of the Double Jeopardy! Round:

Matt Karen Lane
$7,300 $4,600 $8,200

[wagering suggestions for these scores]

Final Jeopardy! Round responses

TECHNOLOGY
KarenWhat is the PC
$4,500
MattWhat is the computer?
$7,300
LaneWhat is television
$7,301
a hearing aid

Final scores:

Matt Karen Lane
$0 $100 $899
3rd place: Daniel Mink his & hers watches + Jeopardy! home game 2nd place: Counterpoint compact disc player + Columbia House membership + Jeopardy! home game New champion: $899

Game dynamics:

Coryat scores:

Matt Karen Lane
$7,800 $4,600 $7,500
24 R
(including 1 DD),
4 W
(including 1 DD)
15 R,
2 W
16 R
(including 1 DD),
4 W

Combined Coryat: $19,900

[game clues] [game scores] [suggest correction]

Game tape date: 1994-07-20
The J! Archive is created by fans, for fans. Scraping, republication, monetization, and malicious use prohibited; this site may use cookies and collect identifying information. See terms. The Jeopardy! game show and all elements thereof, including but not limited to copyright and trademark thereto, are the property of Jeopardy Productions, Inc. and are protected under law. This website is not affiliated with, sponsored by, or operated by Jeopardy Productions, Inc. Join the discussion at JBoard.tv.